[Event "CRI-ch (Women)"]
[Site "San Jose"]
[Date "2024.02.17"]
[Round "8"]
[White "Semana Ramirez, Brenda"]
[Black "Campos Munoz, Valentina"]
[Result "0-1"]
[WhiteElo "1278"]
[BlackElo "1359"]
[PlyCount "56"]
[EventDate "2024.02.03"]
[EventType "swiss"]
[EventRounds "9"]
[EventCountry "CRI"]
[SourceTitle "CB08_2024"]
[SourceDate "2024.02.21"]
[SourceVersion "1"]
[SourceVersionDate "2024.02.21"]
[SourceQuality "1"]

1. e4 c5 2. Nc3 Nc6 3. g3 e6 4. Bg2 Nge7 5. f4 g6 6. Nf3 Bg7 7. d3 d5 8. e5 0-0 9. 0-0 a6 10. d4 cxd4 11. Nxd4 Nxd4 12. Qxd4 b5 13. a4 Rb8 14. axb5 axb5 15. Qc5 Bd7 16. Be3 Rc8 17. Qa3 Re8 18. Rfd1 Rc4 19. Qb3 Nf5 20. Bf2 Bf8 21. Bf1 Rb4 22. Qa2 Bc6 23. b3 d4 24. Ne4 Bxe4 25. c3 Bc6 26. Bg2 Bxg2 27. Kxg2 Qd5+ 28. Kg1 Rxb3 0-1

[Event "CRI-ch (Women)"]
[Site "San Jose"]
[Date "2024.02.11"]
[Round "6"]
[White "Diaz Charpentier, Ashly Valeri"]
[Black "Semana Ramirez, Brenda"]
[Result "0-1"]
[WhiteElo "1291"]
[BlackElo "1278"]
[PlyCount "62"]
[EventDate "2024.02.03"]
[EventType "swiss"]
[EventRounds "9"]
[EventCountry "CRI"]
[SourceTitle "CB08_2024"]
[SourceDate "2024.02.21"]
[SourceVersion "1"]
[SourceVersionDate "2024.02.21"]
[SourceQuality "1"]

1. e4 c5 2. Nf3 Nc6 3. d4 cxd4 4. Nxd4 Nf6 5. f3 Qb6 6. Nxc6 bxc6 7. c4 d6 8. Nc3 g6 9. Na4 Qb7 10. Be2 Bg7 11. 0-0 0-0 12. Be3 Bd7 13. Qd2 Rab8 14. Rad1 c5 15. b3 Bxa4 16. bxa4 Qa6 17. Qc2 Nd7 18. f4 Nb6 19. f5 Nxa4 20. Bc1 Nc3 21. Rd2 Nxe2+ 22. Rxe2 Rb4 23. Kh1 Rxc4 24. Qd1 Rxc1 25. Qxc1 Qxe2 26. Qb1 c4 27. Re1 Qd3 28. Qc1 c3 29. Qa3 Qd2 30. Rc1 c2 31. Rf1 Qe2 0-1

[Event "Caribbean-ch U14"]
[Site "San Salvador"]
[Date "2021.11.27"]
[Round "4"]
[White "Gonzalez Aguero, Ignacio"]
[Black "Semana Ramirez, Brenda"]
[Result "1/2-1/2"]
[WhiteElo "1278"]
[BlackElo "1280"]
[PlyCount "92"]
[EventDate "2021.11.27"]
[EventType "swiss"]
[EventRounds "9"]
[EventCountry "ESA"]
[SourceTitle "EXT 2023"]
[Source "ChessBase"]
[SourceDate "2022.10.05"]
[SourceVersion "1"]
[SourceVersionDate "2022.10.05"]
[SourceQuality "1"]
[WhiteTeam "Costa Rica"]
[BlackTeam "Costa Rica"]
[WhiteTeamCountry "CRI"]
[BlackTeamCountry "CRI"]

1. e4 c5 2. c3 e5 3. Nf3 Nc6 4. d4 d6 5. Be3 Bg4 6. Be2 Nf6 7. h3 Bh5 8. Nbd2 Bg6 9. Bd3 exd4 10. cxd4 Nb4 11. Bb1 b5 12. a3 Nc6 13. Qe2 Rb8 14. Bd3 c4 15. Bc2 Qd7 16. 0-0 Be7 17. Rac1 0-0 18. e5 dxe5 19. dxe5 Nd5 20. Rfd1 Bxc2 21. Rxc2 Qf5 22. Nf1 Rfd8 23. Rcd2 Nxe3 24. Nxe3 Rxd2 25. Qxd2 Qe6 26. Nd4 Nxd4 27. Qxd4 f6 28. f4 Rd8 29. Nd5 Kf7 30. Qe4 fxe5 31. fxe5 Bf6 32. Qd4 Qxe5 33. Qxa7+ Kg8 34. Nxf6+ Qxf6 35. Rxd8+ Qxd8 36. Qc5 Qd7 37. Qb6 h6 38. Qb8+ Kh7 39. Qg3 Qd4+ 40. Qf2 Qd3 41. Kh2 Qd6+ 42. Qg3 Qf6 43. Qc3 Qf4+ 44. Qg3 Qf6 45. Qc3 Qf4+ 46. Qg3 Qf6 1/2-1/2